000 00570nam a2200169 a 4500
001 000027381
005 20240322191158.0
008 110331s1987 dr 000 0 spa d
040 _aDO-SdBNP
_bspa
_cBNPHU
100 1 _aEspinal, Rosario
_d1955-
_943869
245 1 0 _aAutoritarismo y democracia en la política dominicana /
_cRosario Espinal.
260 _aSanto Domingo :
_bEdiciones Capel,
_c1987.
300 _a208 P. ;
_c22 cm.
500 _aIncluye referencias bibliográficas y notas al pie de las páginas
504 _aBibliografía : p. 199-205
049 _aBNPD
999 _c26873
_d26873